MARC details
| 000 -LEADER |
| campo de control de longitud fija |
03347nkc a22003617a 4500 |
| 001 - NÚMERO DE CONTROL |
| campo de control |
85833 |
| 005 - FECHA Y HORA DE LA ÚLTIMA TRANSACCIÓN |
| campo de control |
20260429095226.0 |
| 007 - CAMPO FIJO DE DESCRIPCIÓN FÍSICA--INFORMACIÓN GENERAL |
| campo de control de longitud fija |
kh bo |
| 008 - DATOS DE LONGITUD FIJA--INFORMACIÓN GENERAL |
| campo de control de longitud fija |
260422s1990 sp ||||| |||| |0| i|spa d |
| 040 ## - FUENTE DE CATALOGACIÓN |
| Centro catalogador/agencia de origen |
M-RABA |
| Lengua de catalogación |
spa |
| Centro/agencia transcriptor |
M-RABA |
| 245 01 - MENCIÓN DEL TÍTULO |
| Título |
[Catedral de León y proyecto de Hospital General |
| Resto del título |
: Dibujos arquitectónicos] |
| Medio |
[Material gráfico] |
| 260 ## - PUBLICACIÓN, DISTRIBUCIÓN, ETC. |
| Fecha de publicación, distribución, etc. |
[ca.1990] |
| 300 ## - DESCRIPCIÓN FÍSICA |
| Extensión |
10 fotografías |
| Otras características físicas |
: reproducción fotomecánica |
| Dimensiones |
; 24 x 18 cm |
| 500 00 - NOTA GENERAL |
| Nota general |
Conjunto de10 fotografías de diferentes dibujos de la Catedral de León realizados por Matías Laviña Blasco y de bocetos para el diseño de un nuevo Hospital General realizados por Manuel de Ugartemendia. |
| 500 00 - NOTA GENERAL |
| Nota general |
Nota manuscrita a lápiz en el reverso de las fotografías Fot-758 y Fot-763: "Dibujo Cat. León -Escuela Arquitectura. Matías Laviña. Fotos donadas por Pedro Navascúes. Publicado en". |
| 505 ## - NOTA DE CONTENIDO CON FORMATO |
| Nota de contenido con formato |
Dibujo de la fachada principal de la Catedral de León (Fot-757) -- Dibujo de la Catedral de León (Fot-758) -- Catedral de León, fachada lateral, entrada norte (Fot-759) -- Catedral de León. Sección longitudinal (Fot-760) -- La Catedral de León. Fachada del Sur (Fot-761) -- Catedral de León. Fachada Sur del crucero (Fot-762) -- Dibujo de la Catedral de León (Fot-763) -- Fachada principal de un Hospital General (Fot-764) -- Planta de un Hospital General (Fot-765) -- Proyecto de un Hospital General (Fot-766). |
| 600 17 - PUNTO DE ACCESO ADICIONAL DE MATERIA--NOMBRE DE PERSONA |
| Nombre de persona |
Laviña Blasco, Matías ( |
| Fechas asociadas al nombre |
1796-1868) |
| 9 (RLIN) |
14307 |
| 610 27 - PUNTO DE ACCESO ADICIONAL DE MATERIA--NOMBRE DE ENTIDAD CORPORATIVA |
| Nombre de entidad corporativa o nombre de jurisdicción como elemento de entrada |
Catedral de León (España) |
| 9 (RLIN) |
4538 |
| 651 #7 - PUNTO DE ACCESO ADICIONAL DE MATERIA--NOMBRE GEOGRÁFICO |
| Nombre geográfico |
León |
| Fuente del encabezamiento o término |
embne |
| 9 (RLIN) |
75160 |
| 655 #0 - TERMINO DE INDIZACIÓN--GENERO/FORMA |
| Datos o término principal de género/forma |
Fotografías de monumentos |
| 9 (RLIN) |
111580 |
| 852 ## - LOCALIZACIÓN |
| Número de control de estantería |
Fot-757; Fot-758; Fot-759; Fot-760; Fot-761; Fot-762; Fot-763; Fot-764; Fot-765; Fot-766 |
| 856 ## - LOCALIZACIÓN Y ACCESO ELECTRÓNICOS |
| Identificador Uniforme de Recurso |
<a href="https://archivoybiblioteca.realacademiabellasartessanfernando.com/cgi-bin/koha/opac-retrieve-file.pl?id=ad9185c86efe2d4825836cbe45e84775">https://archivoybiblioteca.realacademiabellasartessanfernando.com/cgi-bin/koha/opac-retrieve-file.pl?id=ad9185c86efe2d4825836cbe45e84775</a> |
| Texto de enlace |
Fot-757 |
| 856 ## - LOCALIZACIÓN Y ACCESO ELECTRÓNICOS |
| Identificador Uniforme de Recurso |
<a href="https://archivoybiblioteca.realacademiabellasartessanfernando.com/cgi-bin/koha/opac-retrieve-file.pl?id=3bc7ad0463b8844fc4ff2a5a1011aae9">https://archivoybiblioteca.realacademiabellasartessanfernando.com/cgi-bin/koha/opac-retrieve-file.pl?id=3bc7ad0463b8844fc4ff2a5a1011aae9</a> |
| Texto de enlace |
Fot-758 |
| 856 ## - LOCALIZACIÓN Y ACCESO ELECTRÓNICOS |
| Identificador Uniforme de Recurso |
<a href="https://archivoybiblioteca.realacademiabellasartessanfernando.com/cgi-bin/koha/opac-retrieve-file.pl?id=d2b6c42f8d0267ad9faae7781be5cb6f">https://archivoybiblioteca.realacademiabellasartessanfernando.com/cgi-bin/koha/opac-retrieve-file.pl?id=d2b6c42f8d0267ad9faae7781be5cb6f</a> |
| Texto de enlace |
Fot-759 |
| 856 ## - LOCALIZACIÓN Y ACCESO ELECTRÓNICOS |
| Identificador Uniforme de Recurso |
<a href="https://archivoybiblioteca.realacademiabellasartessanfernando.com/cgi-bin/koha/opac-retrieve-file.pl?id=3803d79efc8c044a8f6cdb174e131e64">https://archivoybiblioteca.realacademiabellasartessanfernando.com/cgi-bin/koha/opac-retrieve-file.pl?id=3803d79efc8c044a8f6cdb174e131e64</a> |
| Texto de enlace |
Fot-760 |
| 856 ## - LOCALIZACIÓN Y ACCESO ELECTRÓNICOS |
| Identificador Uniforme de Recurso |
<a href="https://archivoybiblioteca.realacademiabellasartessanfernando.com/cgi-bin/koha/opac-retrieve-file.pl?id=8170115edb0c614ce64b356b19c1ab6c">https://archivoybiblioteca.realacademiabellasartessanfernando.com/cgi-bin/koha/opac-retrieve-file.pl?id=8170115edb0c614ce64b356b19c1ab6c</a> |
| Texto de enlace |
Fot-761 |
| 856 ## - LOCALIZACIÓN Y ACCESO ELECTRÓNICOS |
| Identificador Uniforme de Recurso |
<a href="https://archivoybiblioteca.realacademiabellasartessanfernando.com/cgi-bin/koha/opac-retrieve-file.pl?id=928ccb96a8b573138777f75180c073bc">https://archivoybiblioteca.realacademiabellasartessanfernando.com/cgi-bin/koha/opac-retrieve-file.pl?id=928ccb96a8b573138777f75180c073bc</a> |
| Texto de enlace |
Fot-762 |
| 856 ## - LOCALIZACIÓN Y ACCESO ELECTRÓNICOS |
| Identificador Uniforme de Recurso |
<a href="https://archivoybiblioteca.realacademiabellasartessanfernando.com/cgi-bin/koha/opac-retrieve-file.pl?id=d4fe9e65146874fceef1b208eca04645">https://archivoybiblioteca.realacademiabellasartessanfernando.com/cgi-bin/koha/opac-retrieve-file.pl?id=d4fe9e65146874fceef1b208eca04645</a> |
| Texto de enlace |
Fot-763 |
| 856 ## - LOCALIZACIÓN Y ACCESO ELECTRÓNICOS |
| Identificador Uniforme de Recurso |
<a href="https://archivoybiblioteca.realacademiabellasartessanfernando.com/cgi-bin/koha/opac-retrieve-file.pl?id=ab0503fbaf5e5238a7626d4ea4e41d35">https://archivoybiblioteca.realacademiabellasartessanfernando.com/cgi-bin/koha/opac-retrieve-file.pl?id=ab0503fbaf5e5238a7626d4ea4e41d35</a> |
| Texto de enlace |
Fot-764 |
| 856 ## - LOCALIZACIÓN Y ACCESO ELECTRÓNICOS |
| Identificador Uniforme de Recurso |
<a href="https://archivoybiblioteca.realacademiabellasartessanfernando.com/cgi-bin/koha/opac-retrieve-file.pl?id=4491af7334d66227178fbb63d1fdcd2b">https://archivoybiblioteca.realacademiabellasartessanfernando.com/cgi-bin/koha/opac-retrieve-file.pl?id=4491af7334d66227178fbb63d1fdcd2b</a> |
| Texto de enlace |
Fot-765 |
| 856 ## - LOCALIZACIÓN Y ACCESO ELECTRÓNICOS |
| Identificador Uniforme de Recurso |
<a href="https://archivoybiblioteca.realacademiabellasartessanfernando.com/cgi-bin/koha/opac-retrieve-file.pl?id=e529c5f17334bde25e740cd79f882b6b">https://archivoybiblioteca.realacademiabellasartessanfernando.com/cgi-bin/koha/opac-retrieve-file.pl?id=e529c5f17334bde25e740cd79f882b6b</a> |
| Texto de enlace |
Fot-766 |
| 942 ## - ELEMENTOS DE ENTRADA SECUNDARIOS (KOHA) |
| Tipo de ítem Koha |
Fotografías |
| Suprimir en OPAC |
No |